<?xml version="1.0" encoding="UTF-8"?>
<record
    xmlns:xsi="http://www.w3.org/2001/XMLSchema-instance"
    xsi:schemaLocation="http://www.loc.gov/MARC21/slim http://www.loc.gov/standards/marcxml/schema/MARC21slim.xsd"
    xmlns="http://www.loc.gov/MARC21/slim">

  <leader>01030nam a22001577a 4500</leader>
  <controlfield tag="008">150430b        xxu||||| |||| 00| 0 eng d</controlfield>
  <datafield tag="020" ind1=" " ind2=" ">
    <subfield code="a">1899846336</subfield>
  </datafield>
  <datafield tag="082" ind1=" " ind2=" ">
    <subfield code="a">708</subfield>
    <subfield code="b">T234n</subfield>
  </datafield>
  <datafield tag="100" ind1=" " ind2=" ">
    <subfield code="a">Tawadros, Gilane (editor)</subfield>
    <subfield code="9">2523</subfield>
  </datafield>
  <datafield tag="245" ind1=" " ind2=" ">
    <subfield code="a">non-place</subfield>
    <subfield code="c">Tawadros, Gilane (editor)</subfield>
  </datafield>
  <datafield tag="260" ind1=" " ind2=" ">
    <subfield code="a">Londres Inglaterra</subfield>
    <subfield code="b">Spider web</subfield>
    <subfield code="c">2001</subfield>
  </datafield>
  <datafield tag="300" ind1=" " ind2=" ">
    <subfield code="a">64 p.</subfield>
    <subfield code="b">ill. (col)</subfield>
    <subfield code="c">20.5X28 cm</subfield>
  </datafield>
  <datafield tag="505" ind1=" " ind2=" ">
    <subfield code="t">Local gestures, global effects</subfield>
    <subfield code="r">Ricardo Basbaum</subfield>
    <subfield code="t">Creole Processing zone</subfield>
    <subfield code="r">Steve Ouditt</subfield>
    <subfield code="t">Rethinking Transformation: Are black journalists objects or subjects of change?</subfield>
    <subfield code="r">Oupa Ngwenya</subfield>
    <subfield code="t">MonteCasino Context</subfield>
    <subfield code="r">Clifford Charles and Ramidan Suliman</subfield>
    <subfield code="t">The Cutting Edge Self</subfield>
    <subfield code="r">Veliswa Gwintsa </subfield>
    <subfield code="t">Bangalore</subfield>
    <subfield code="r">Suman Gopinath</subfield>
    <subfield code="t">Bangalore as "Non-place"</subfield>
    <subfield code="r">Janaki Nair</subfield>
    <subfield code="t">Proyecto Ajenos a lo Com&#xFA;n, En El Limbo de la Rutina...</subfield>
    <subfield code="r">Michelle Marxuach</subfield>
    <subfield code="t">Notes from the Magnetic Field </subfield>
    <subfield code="r">Gilane Tawadros</subfield>
  </datafield>
  <datafield tag="650" ind1=" " ind2=" ">
    <subfield code="x">Arte-Exhibiciones</subfield>
    <subfield code="x">Manifiesto (grupo artistas)</subfield>
    <subfield code="x">Arte moderno</subfield>
    <subfield code="x">Lugar (filosofia)</subfield>
    <subfield code="x">Identidad (concepto filosofico)</subfield>
    <subfield code="9">2524</subfield>
  </datafield>
  <datafield tag="700" ind1=" " ind2=" ">
    <subfield code="a">Tawadros, Gilane (editor)</subfield>
    <subfield code="9">2525</subfield>
  </datafield>
  <datafield tag="999" ind1=" " ind2=" ">
    <subfield code="c">552</subfield>
    <subfield code="d">552</subfield>
  </datafield>
  <datafield tag="952" ind1=" " ind2=" ">
    <subfield code="0">0</subfield>
    <subfield code="1">0</subfield>
    <subfield code="2">ddc</subfield>
    <subfield code="4">0</subfield>
    <subfield code="7">0</subfield>
    <subfield code="a">LV</subfield>
    <subfield code="b">LV</subfield>
    <subfield code="c">Colectivas</subfield>
    <subfield code="d">2015-04-30</subfield>
    <subfield code="l">0</subfield>
    <subfield code="o">708 T234n</subfield>
    <subfield code="p">000495</subfield>
    <subfield code="r">2015-04-30 00:00:00</subfield>
    <subfield code="w">2015-04-30</subfield>
    <subfield code="y">01</subfield>
  </datafield>
</record>
